| Tag |
First Indicator |
Second Indicator |
Subfields |
| LEADER |
00000cam a2200000 a 4500 |
| 001 |
in00000002736 |
| 008 |
990212s1998 dcuab b f000 0 eng d |
| 005 |
20230309222519.1 |
| 035 |
|
|
|a (OCoLC)40777610
|
| 035 |
|
|
|9 AJD7724AM
|
| 035 |
|
|
|a in00000002736
|
| 040 |
|
|
|d GPO
|d DLC
|d MvI
|d UtOrBLW
|
| 043 |
|
|
|a n-us-nc
|a n-us-sc
|
| 049 |
|
|
|a UDOC
|a UDOC
|
| 049 |
|
|
|a WWW
|
| 074 |
|
|
|a 0621-L
|
| 074 |
|
|
|a 0621-L (online)
|
| 086 |
0 |
|
|a I 19.127:085-98
|
| 100 |
1 |
|
|a Wilhelm, Lance J.
|
| 245 |
1 |
0 |
|a Fecal-indicator bacteria in surface waters of the Santee River Basin and coastal drainages, North and South Carolina, 1995-98 /
|c [by Lance J. Wilhelm and Terry L. Maluk].
|
| 246 |
3 |
|
|a Fecal indicator bacteria in surface waters of the Santee River Basin and coastal drainages, North and South Carolina, 1995-98
|
| 264 |
|
1 |
|a [Washington, D.C.?] :
|b [U.S. Dept. of the Interior, U.S. Geological Survey],
|c [1998]
|
| 300 |
|
|
|a 6 unnumbered pages :
|b color illustrations, color maps ;
|c 28 cm.
|
| 336 |
|
|
|a text
|b txt
|2 rdacontent
|
| 337 |
|
|
|a unmediated
|b n
|2 rdamedia
|
| 338 |
|
|
|a volume
|b nc
|2 rdacarrier
|
| 490 |
1 |
|
|a Fact sheet ;
|v FS-085-98
|
| 500 |
|
|
|a Caption title.
|
| 500 |
|
|
|a "National Water-Quality Assessment Program."
|
| 500 |
|
|
|a Shipping list number: 99-0097-P.
|
| 500 |
|
|
|a "October 1998"--P. [1].
|
| 504 |
|
|
|a Includes bibliographical references page [6]).
|
| 530 |
|
|
|a Also available via Internet from the NAWQA web site.
|
| 650 |
|
0 |
|a Water
|x Pollution
|z South Carolina
|z Santee River Watershed.
|
| 651 |
|
0 |
|a Santee River Watershed (S.C.)
|x Environmental conditions.
|
| 700 |
1 |
|
|a Maluk, Terry L.
|
| 710 |
2 |
|
|a National Water-Quality Assessment Program (U.S.)
|
| 830 |
|
0 |
|a Fact sheet (Geological Survey (U.S.)) ;
|v FS-98-085.
|
| 856 |
4 |
|
|u http://wwwsc.er.usgs.gov/nawqa/santhome.html
|t 0
|
| 856 |
4 |
1 |
|u https://purl.fdlp.gov/GPO/LPS2360
|t 0
|
| 999 |
|
|
|a MARS
|
| 999 |
f |
f |
|i 67471acf-5831-3ff1-ab88-88f94240ce0e
|s ab4b7d16-8cdb-3977-9078-d7c2bf495b31
|t 0
|
| 952 |
f |
f |
|p normal
|a Texas A&M University
|b College Station
|c Sterling C. Evans Library
|d Evans: US Documents (Annex 5th floor)
|t 0
|e I 19.127:085-98
|h Superintendent of Documents classification
|i unmediated -- volume
|m A14824443560
|
| 952 |
f |
f |
|a Texas A&M University
|b College Station
|c Electronic Resources
|d Available Online
|t 0
|e I 19.127:085-98
|h Superintendent of Documents classification
|
| 998 |
f |
f |
|a I 19.127:085-98
|t 0
|l Available Online
|
| 998 |
f |
f |
|a I 19.127:085-98
|t 0
|l Evans: US Documents (Annex 5th floor)
|